000 00766nam a2200253 i 4500
001 bgj
100 1 _aLEWIS, Clive Staples]
_d(1898-1963).
245 1 0 _aThe Magician's Nephew /
_cC. S. Lewis ; with pictures adapted from illustrations by Pauline Baynes.
260 _aNew York :
_bMacmillan Publishing Company,
_c1970.
300 _a186 pp :
_bill. ;
_c18 cm.
490 1 _aCollier Books
500 _aBook 6 in "The chronicles of Narnia".
650 9 _aChildren's stories
650 9 _aFantasy
700 1 _aBAYNES, Pauline.
_eill.
740 0 2 _aThe Chronicles of Narnia
830 _aCollier Books
020 _a0020442300
040 _cBPK
041 0 _aeng
920 _a0-02-044230-0
942 _cKS
008 s uk f |000 0 eng
999 _c48864
_d48864